| 000 | 00458nam a22001337a 4500 | ||
|---|---|---|---|
| 003 | SGT | ||
| 082 |
_a617.644 _bC24K |
||
| 100 | _aKaruna | ||
| 245 | _aComparative evaluation of efficacy of Curcumin, probiotic and fluoride containing mouth rinses on mutans streptococci and clinical inflammatory parameters of gingivitis in early mixed dentition period | ||
| 260 |
_bSGT University _c2024 |
||
| 300 | _a95 | ||
| 650 | _aPediatric Dentistry | ||
| 942 |
_2ddc _cTH |
||
| 999 |
_c27137 _d27137 |
||